| 000 | 00680cam a2200229 a 4500 | ||
|---|---|---|---|
| 003 | BD-DhSAU | ||
| 005 | 20231108115447.0 | ||
| 008 | 861024s1993ii a b 001 0 eng | ||
| 020 | _a97800746000412 | ||
| 040 | _aBD-DhSAU | ||
| 082 |
_222 _a519.1 _bA97 |
||
| 100 | _aBaisnab, A P | ||
| 245 | 1 | 0 |
_aElements of Probability and Statistics / _cA P Baisnab and Manoranjan Jas |
| 260 |
_aNew Delhi : _bTata McGraw Hill Education Privet Limited, _cc1993 |
||
| 300 |
_axii, 408 p. : _bill. ; _c22cm. |
||
| 504 | _aInclude bibliographical references and index | ||
| 590 | _akobir | ||
| 650 | 0 | _aProbability | |
| 650 | 0 | _aStatistics | |
| 700 | _aJas, Manoranjan | ||
| 942 |
_2ddc _cBOOK |
||
| 999 |
_c17279 _d17278 |
||